000
00345cam a2200157ua 4500
041
_a
eng
_h
082
_a
641.3
_b
NAS/FO
100
_a
Nasset, Edmundsigurd .
245
_a
Food and you
250
_a
2 /
_b
.
260
_a
New York :
_b
Barnes and noble Inc ,
_c
1958.
300
_a
166 ; .
504
_a
942
_c
BK
999
_c
1222
_d
1222